[Event "Vancouver Intermat"]
[Site "Vancouver"]
[Date "2018.05.05"]
[Round "2.8"]
[White "Velea, Sophie"]
[Black "Yang, Ryan"]
[Result "1-0"]
[WhiteElo "1797"]
[BlackElo "1340"]
[PlyCount "127"]
[EventDate "2018.05.05"]
[EventType "tourn"]
[EventRounds "2"]
[EventCountry "CAN"]
[SourceTitle "EXT 2022"]
[Source "ChessBase"]
[SourceDate "2021.10.06"]
[SourceVersion "1"]
[SourceVersionDate "2021.10.06"]
[SourceQuality "1"]

1. e4 e5 2. Nf3 Nc6 3. Nc3 Nf6 4. Bb5 Bc5 5. 0-0 d6 6. d3 0-0 7. Bg5 Be6 8. Bxc6 bxc6 9. d4 exd4 10. Nxd4 Bd7 11. Kh1 h6 12. Bh4 Rb8 13. Nb3 Bb6 14. f4 Qc8 15. Bxf6 gxf6 16. f5 Be3 17. Qf3 Bb6 18. Qh5 Be3 19. Rf3 Bg5 20. h4 Kg7 21. hxg5 hxg5 22. Rh3 Rh8 23. Qxh8+ Qxh8 24. Rxh8 Rxh8+ 25. Kg1 c5 26. g3 Rb8 27. Rb1 Bc6 28. Kf2 Kh6 29. Nd5 Bxd5 30. exd5 Re8 31. Rh1+ Kg7 32. Re1 Rb8 33. c4 a5 34. Nxa5 Rxb2+ 35. Re2 Rb4 36. Rc2 Rb1 37. Nb3 Rh1 38. Kg2 Rh8 39. a4 Rb8 40. Nd2 g4 41. a5 Ra8 42. Nb3 Ra6 43. Kf2 Kh6 44. Ke3 Kg5 45. Rf2 Ra8 46. Kd3 Kh6 47. Re2 Kg5 48. Rf2 Kh6 49. Kc3 Re8 50. Kb2 Re3 51. Ka3 Kg5 52. a6 Re8 53. Ka4 Rb8 54. Rb2 Kxf5 55. Ka5 Ke4 56. Nxc5+ Kf3 57. Rxb8 dxc5 58. a7 Kxg3 59. a8Q f5 60. Rb3+ Kg2 61. d6+ Kh2 62. Qd5 cxd6 63. Qd2+ Kg1 64. Rb1# 1-0

[Event "Vancouver Intermat"]
[Site "Vancouver"]
[Date "2018.05.05"]
[Round "1.8"]
[White "Yang, Ryan"]
[Black "Eswar, Ritesh"]
[Result "1-0"]
[WhiteElo "1340"]
[BlackElo "1546"]
[PlyCount "81"]
[EventDate "2018.05.05"]
[EventType "tourn"]
[EventRounds "2"]
[EventCountry "CAN"]
[SourceTitle "EXT 2022"]
[Source "ChessBase"]
[SourceDate "2021.10.06"]
[SourceVersion "1"]
[SourceVersionDate "2021.10.06"]
[SourceQuality "1"]

1. e4 c5 2. Nf3 Nc6 3. Be2 e6 4. 0-0 d5 5. exd5 exd5 6. d4 Nf6 7. Re1 cxd4 8. Nxd4 Be7 9. Nxc6 bxc6 10. Bf4 0-0 11. Nd2 Bf5 12. Nf3 Ne4 13. Nd4 Bg6 14. Nxc6 Qd7 15. Qxd5 Qb7 16. Ba6 Qxa6 17. Nxe7+ Kh8 18. Nxg6+ fxg6 19. Qxe4 Qf6 20. Bg3 Qxb2 21. Rab1 Qf6 22. f3 a6 23. Be5 Qf7 24. Rb7 Qf5 25. Bxg7+ Kg8 26. Bxf8 Rxf8 27. Qxf5 gxf5 28. Ree7 Rd8 29. Rg7+ Kf8 30. Rxh7 Kg8 31. Rbg7+ Kf8 32. Rd7 Re8 33. Kf2 f4 34. c4 a5 35. h4 Kg8 36. h5 a4 37. h6 a3 38. Rhg7+ Kh8 39. Rh7+ Kg8 40. Rdg7+ Kf8 41. Rh8# 1-0

[Event "CAN-ch U08"]
[Site "Sault Ste Marie"]
[Date "2017.07.08"]
[Round "5"]
[White "Han, Johnathan"]
[Black "Yang, Ryan"]
[Result "0-1"]
[WhiteElo "869"]
[BlackElo "1267"]
[PlyCount "70"]
[EventDate "2017.07.06"]
[EventType "swiss"]
[EventRounds "7"]
[EventCountry "CAN"]
[SourceTitle "EXT 2022"]
[Source "ChessBase"]
[SourceDate "2021.10.06"]
[SourceVersion "1"]
[SourceVersionDate "2021.10.06"]
[SourceQuality "1"]

1. e4 d6 2. d4 Nf6 3. Nc3 Nbd7 4. Nf3 c5 5. d5 g6 6. Bc4 Bg7 7. 0-0 0-0 8. Be3 Nb6 9. Bb3 c4 10. Bxb6 Qxb6 11. Bxc4 Qxb2 12. Qd2 Ng4 13. Nb5 Bd7 14. Rab1 Qf6 15. h3 Ne5 16. Be2 Nxf3+ 17. Bxf3 Bxh3 18. Qe3 Bd7 19. c4 a6 20. Na3 b5 21. cxb5 axb5 22. Nxb5 Bxb5 23. Rxb5 Rxa2 24. Rc1 Qh4 25. g3 Qh3 26. Bg2 Qd7 27. Qb6 Bd4 28. Qc6 Bxf2+ 29. Kf1 Qg4 30. Qc4 Bxg3 31. Qxa2 Qf4+ 32. Kg1 Qxc1+ 33. Bf1 Qg5 34. Qg2 Qe3+ 35. Kh1 f5 0-1

[Event "CAN-ch U08"]
[Site "Sault Ste Marie"]
[Date "2017.07.07"]
[Round "4"]
[White "Yang, Ryan"]
[Black "Ran, Sean"]
[Result "1-0"]
[WhiteElo "1267"]
[BlackElo "906"]
[PlyCount "31"]
[EventDate "2017.07.06"]
[EventType "swiss"]
[EventRounds "7"]
[EventCountry "CAN"]
[SourceTitle "EXT 2022"]
[Source "ChessBase"]
[SourceDate "2021.10.06"]
[SourceVersion "1"]
[SourceVersionDate "2021.10.06"]
[SourceQuality "1"]

1. e4 e5 2. Nf3 Nc6 3. Bc4 Bc5 4. 0-0 h6 5. c3 Nf6 6. d4 exd4 7. cxd4 Bb6 8. d5 Na5 9. Bd3 c6 10. b4 cxd5 11. bxa5 Bxa5 12. e5 Nh7 13. Bb2 f6 14. Bg6+ Kf8 15. Ba3+ Kg8 16. Qxd5# 1-0

[Event "CAN-ch U08"]
[Site "Sault Ste Marie"]
[Date "2017.07.06"]
[Round "1"]
[White "Jiang, William"]
[Black "Yang, Ryan"]
[Result "0-1"]
[WhiteElo "659"]
[BlackElo "1265"]
[PlyCount "70"]
[EventDate "2017.07.06"]
[EventType "swiss"]
[EventRounds "7"]
[EventCountry "CAN"]
[SourceTitle "EXT 2022"]
[Source "ChessBase"]
[SourceDate "2021.10.06"]
[SourceVersion "1"]
[SourceVersionDate "2021.10.06"]
[SourceQuality "1"]

1. e4 e5 2. Nf3 Nc6 3. Bb5 Bc5 4. 0-0 Nf6 5. d3 d6 6. Bg5 0-0 7. Nc3 Bd7 8. Nd5 a6 9. Ba4 b5 10. Bb3 Na5 11. Nxf6+ gxf6 12. Bh6 Nxb3 13. axb3 Re8 14. Nh4 Kh8 15. Qf3 Rg8 16. Qh5 Qe8 17. Ng6+ fxg6 18. Qf3 Qf7 19. Bg5 f5 20. Ra5 Bb6 21. Ra2 Bc6 22. Rfa1 Bb7 23. Rc1 Qf8 24. c4 fxe4 25. Qxf8 Rgxf8 26. Be7 Rxf2 27. Kh1 e3 28. Bh4 Rxg2 29. h3 Rxb2+ 30. Kg1 Rxa2 31. Re1 Rf8 32. Be7 Rff2 33. Bh4 Rg2+ 34. Kh1 Rh2+ 35. Kg1 Rh1# 0-1

[Event "Canadian op 50th"]
[Site "Ottawa"]
[Date "2013.07.13"]
[Round "1"]
[White "Gerzhoy, Leonid"]
[Black "Yang, Ryan"]
[Result "1-0"]
[WhiteElo "2462"]
[BlackElo "1995"]
[PlyCount "73"]
[EventDate "2013.07.13"]
[EventType "swiss"]
[EventRounds "9"]
[EventCountry "CAN"]
[SourceTitle "CBM 155 Extra"]
[Source "ChessBase"]
[SourceDate "2013.08.26"]
[SourceVersion "1"]
[SourceVersionDate "2013.08.26"]
[SourceQuality "1"]

1. Nf3 Nf6 2. c4 e6 3. g3 c5 4. Bg2 Nc6 5. Nc3 d6 6. 0-0 Be7 7. d4 cxd4 8. Nxd4 Nxd4 9. Qxd4 0-0 10. b3 Qc7 11. Bb2 Bd7 12. Rac1 Bc6 13. Nd5 Bxd5 14. cxd5 Qd7 15. dxe6 fxe6 16. Bh3 Rfe8 17. e4 Rad8 18. Rfe1 Bf8 19. e5 Nd5 20. exd6 Qxd6 21. Qxa7 b6 22. Qb7 Rb8 23. Qc6 Qxc6 24. Rxc6 Nb4 25. Rcxe6 Rxe6 26. Bxe6+ Kh8 27. Re2 Nd3 28. Bd4 Nc5 29. Bg4 Rd8 30. Be3 b5 31. Rc2 Ne4 32. Bf3 Nf6 33. a4 bxa4 34. bxa4 Bb4 35. Rb2 Ba5 36. Rb5 Bc7 37. a5 1-0

[Event "CAN-ch U14"]
[Site "Ottawa"]
[Date "2013.07.10"]
[Round "2"]
[White "Yang, Ryan"]
[Black "Xi, Jason"]
[Result "1-0"]
[WhiteElo "1911"]
[BlackElo "1283"]
[PlyCount "75"]
[EventDate "2013.07.10"]
[EventType "swiss"]
[EventRounds "6"]
[EventCountry "CAN"]
[SourceTitle "EXT 2022"]
[Source "ChessBase"]
[SourceDate "2021.10.06"]
[SourceVersion "1"]
[SourceVersionDate "2021.10.06"]
[SourceQuality "1"]

1. e4 c5 2. Nf3 d6 3. d4 cxd4 4. Nxd4 Nf6 5. Nc3 g6 6. Be3 Bg7 7. f3 Nc6 8. Bc4 0-0 9. Qd2 Bd7 10. 0-0-0 Rc8 11. Bb3 h5 12. h4 Ne5 13. Bh6 Rc5 14. Bxg7 Kxg7 15. Kb1 b5 16. a3 a5 17. Rdg1 b4 18. axb4 axb4 19. Nce2 Qa5 20. Nc1 Nc4 21. Bxc4 Rxc4 22. Ncb3 Qa4 23. Qd3 Rfc8 24. g4 e5 25. gxh5 Nxh5 26. Nf5+ Bxf5 27. exf5 Nf4 28. Qxd6 Rxc2 29. Qxe5+ Kh7 30. fxg6+ Nxg6 31. Qh5+ Kg7 32. Qe5+ f6 33. Rxg6+ Kxg6 34. Rg1+ Kf7 35. Qd5+ Kf8 36. Rg8+ Ke7 37. Rg7+ Ke8 38. Qg8# 1-0

[Event "Gatineau op"]
[Site "Gatineau"]
[Date "2013.03.02"]
[Round "2"]
[White "Oussedik, Elias"]
[Black "Yang, Ryan"]
[Result "1-0"]
[WhiteElo "2253"]
[BlackElo "1844"]
[PlyCount "61"]
[EventDate "2013.03.01"]
[EventType "swiss"]
[EventRounds "5"]
[EventCountry "CAN"]
[SourceTitle "EXT 2022"]
[Source "ChessBase"]
[SourceDate "2021.10.06"]
[SourceVersion "1"]
[SourceVersionDate "2021.10.06"]
[SourceQuality "1"]

1. d4 Nf6 2. c4 e6 3. Nf3 c5 4. d5 exd5 5. cxd5 d6 6. Nc3 g6 7. h3 Bg7 8. e4 0-0 9. Bd3 b6 10. 0-0 Ba6 11. Re1 Bxd3 12. Qxd3 Re8 13. Bf4 a6 14. a4 Qc7 15. e5 Nh5 16. exd6 Rxe1+ 17. Rxe1 Qd8 18. Qe4 Nd7 19. Nd2 Bxc3 20. bxc3 Ndf6 21. Qf3 Nxf4 22. Qxf4 Nxd5 23. Qe5 Nf6 24. Re3 Nd7 25. Qg3 Nf8 26. Re7 Ne6 27. Qf3 Qf8 28. Ne4 Rd8 29. Nf6+ Kh8 30. Nxh7 Rxd6 31. Nxf8 1-0